Mr. Morale & The Big Steppers Tracklist By Streams - Statistics

General Stats
  • This quiz has been taken 21 times
  • The average score is 10 of 18
Answer Stats
# Streams Answer % Correct
1 544,487,792 N95
100%
2 420,002,239 Die Hard
82%
7 177,014,706 Silent Hill
73%
4 343,968,247 United In Grief
73%
5 327,081,099 Count Me Out
64%
6 226,213,551 Father Time
64%
8 133,624,548 Savior
64%
14 62,894,680 Crown
55%
9 115,108,822 Purple Hearts
55%
3 348,126,904 Rich Spirit
55%
10 105,597,013 We Cry Together
55%
12 91,056,595 Mirror
45%
18 52,099,085 Mother I Sober
45%
11 93,791,476 Mr. Morale
45%
15 56,900,896 Rich - Interlude
45%
17 54,308,970 Savior - Interlude
45%
13 87,348,808 Worldwide Steppers
45%
16 54,526,995 Auntie Diaries
36%
No matching quizzes found
Score Distribution
Percent of People with Each Score
Percentile by Number Answered
Your Score History
You have not taken this quiz